| 000 | 00724nam a2200241 a 4500 | ||
|---|---|---|---|
| 005 | 20210223124503.0 | ||
| 008 | 011024s2001 es r 000 0 spa d | ||
| 020 | _a8441511187 | ||
| 035 | _aUPN01000113421 | ||
| 049 | _aCG | ||
| 050 | 4 |
_aT385 _bA8.3 |
|
| 100 | 1 |
_aAshford, Janet, _d1949- _941666 |
|
| 245 | 1 | 3 |
_aEl escáner / _cJanet Ashford y John Odam. |
| 260 |
_aMadrid : _bAnaya Multimedia, _cc2001. |
||
| 300 |
_a255 p. : _bil. col. |
||
| 440 | 0 | _aBiblioteca profesional de diseño | |
| 534 |
_pTraducción de: _tStart with a scan |
||
| 650 | 4 |
_aGRAFICOS POR COMPUTADORA _912519 |
|
| 650 | 4 |
_aESCANERES OPTICOS _926699 |
|
| 650 | 4 |
_aARTES GRAFICAS _92744 |
|
| 700 | 1 |
_aOdam, John, _ecoaut. _941667 |
|
| 905 | _aLibro | ||
| 999 |
_c87329 _d87329 |
||